000
00297nam a2200109Ia 4500
008
190914s9999||||xx |||||||||||||| ||und||
100
_a
Shashi Kapur
245
2
_a
A Practical Handbook for Trainers designing to conduction training
260
_a
India
_b
Dorling
_c
2002
300
_a
267
942
_c
BK
999
_c
9424
_d
9424